5HLuxD.jpg

KING HENRY VIII SENIOR AND PRIMARY SCHOOL LIBRARY OPAC

Advanced physics for you / (Record no. 2570)

000 -LEADER
fixed length control field 01133pam a2200361 i 4500
001 - CONTROL NUMBER
control field 020418138
003 - CONTROL NUMBER IDENTIFIER
control field UkOxU
005 - DATE AND TIME OF LATEST TRANSACTION
control field 20230720155313.0
008 - FIXED-LENGTH DATA ELEMENTS--GENERAL INFORMATION
fixed length control field 140930s2015 enka 001|0 eng d
015 ## - NATIONAL BIBLIOGRAPHY NUMBER
National bibliography number GBB4D0374
Source bnb
020 ## - INTERNATIONAL STANDARD BOOK NUMBER
International Standard Book Number 9781408527375
Qualifying information paperback
035 ## - SYSTEM CONTROL NUMBER
System control number (Uk)016946799
040 ## - CATALOGING SOURCE
Original cataloging agency StDuBDS
Language of cataloging eng
Description conventions rda
Transcribing agency StDuBDS
Modifying agency UkOxU
-- KH8
082 04 - DEWEY DECIMAL CLASSIFICATION NUMBER
Classification number 530 JOH
100 1# - MAIN ENTRY--PERSONAL NAME
Personal name Johnson, Keith,
Dates associated with a name 1938-
Relator term author.
245 10 - TITLE STATEMENT
Title Advanced physics for you /
Statement of responsibility, etc. Keith Johnson, Simmone Hewett, Sue Holt, John Miller.
250 ## - EDITION STATEMENT
Edition statement Second edition.
264 #1 - PRODUCTION, PUBLICATION, DISTRIBUTION, MANUFACTURE, AND COPYRIGHT NOTICE
Place of production, publication, distribution, manufacture Oxford :
Name of producer, publisher, distributor, manufacturer Oxford University Press,
Date of production, publication, distribution, manufacture, or copyright notice 2015.
264 #4 - PRODUCTION, PUBLICATION, DISTRIBUTION, MANUFACTURE, AND COPYRIGHT NOTICE
Date of production, publication, distribution, manufacture, or copyright notice ©2015
300 ## - PHYSICAL DESCRIPTION
Extent 512 pages :
Other physical details illustraitons ;
Dimensions 28 cm
336 ## - CONTENT TYPE
Content type term text
Source rdacontent
337 ## - MEDIA TYPE
Media type term unmediated
Source rdamedia
338 ## - CARRIER TYPE
Carrier type term volume
Source rdacarrier
500 ## - GENERAL NOTE
General note Includes index.
500 ## - GENERAL NOTE
General note Previous edition: 2000.
521 2# - TARGET AUDIENCE NOTE
Target audience note A-level.
650 #0 - SUBJECT ADDED ENTRY--TOPICAL TERM
Topical term or geographic name entry element Physics
General subdivision Examinations
Form subdivision Study guides.
650 #0 - SUBJECT ADDED ENTRY--TOPICAL TERM
Topical term or geographic name entry element Physics
Form subdivision Problems, exercises, etc.
700 1# - ADDED ENTRY--PERSONAL NAME
Personal name Hewett, Simmone,
Relator term author.
700 1# - ADDED ENTRY--PERSONAL NAME
Personal name Holt, Sue,
Relator term author.
700 1# - ADDED ENTRY--PERSONAL NAME
Personal name Miller, John
Titles and other words associated with a name (Physics teacher),
Relator term author.
942 ## - ADDED ENTRY ELEMENTS (KOHA)
Source of classification or shelving scheme
Koha item type Teaching Resources
Holdings
Withdrawn status Lost status Source of classification or shelving scheme Damaged status Not for loan Collection code Permanent Location Current Location Shelving location Date acquired Total Checkouts Full call number Barcode Date last seen Date last checked out Price effective from Koha item type
          Teaching Resources KH8 Senior School Library KH8 Senior School Library Staff Office 2023-07-20 1 530 JOH TRKHSL000957 2026-01-07 2024-11-14 2023-07-20 Teaching Resources

Powered By KH8 IT Dept